Diccionario Personal de Chile. Obra de consulta publicada por la Compañía Editora Whos

-д хадгалсан:
Номзүйн дэлгэрэнгүй
Үндсэн зохиолч: Pinto Durán, Carlos (Зохиогч)
Формат: Ном
Хэл сонгох:испани
Хэвлэсэн: Santiago Whos 1921
Хэвлэл:1a. ed
Нөхцлүүд:
Шошгууд: Шошго нэмэх
Шошго байхгүй, Энэхүү баримтыг шошголох эхний хүн болох!

MARC

LEADER 00000nam a2200000 a 4500
001 UCJ5875
003 CL-VaPUC
008 070124e19210000CL |||||||||||||||||spa|d
082 0 4 |a 920  |b PIN  |2 21 
100 0 |a Pinto Durán, Carlos  |e author  |9 511751 
245 1 0 |a Diccionario Personal de Chile. Obra de consulta publicada por la Compañía Editora Whos 
250 |a 1a. ed 
300 |a 256 p 
942 |c BK 
945 |d 20070124 00:00:00  |a rinostro 
260 |a Santiago  |b Whos  |c 1921 
500 |a Fotografía de gran número de los biografiados. Incluye personas jurídicas 
650 7 |a DICCIONARIO  |2 CL-VaPUC  |9 511752 
650 0 |a Biografías  |9 255210 
650 0 |a Iconografía   |9 267998 
650 7 |a DIRECTORIO  |2 CL-VaPUC  |9 381464 
650 0 |a Empresas comerciales  |9 334163 
650 0 |a Historia de Chile  |9 265473 
583 |a last modification  |c 20070124 00:00:00  |k Rodrigo Vera 
999 |c 321983  |d 321981 
952 |0 0  |1 0  |4 0  |6 920_000000000000000_PIN_1921  |7 0  |8 X  |9 400884  |a FDOBUD  |b FDOBUD  |d 2019-11-22  |i 104088K  |o 920 PIN 1921  |p 104088K  |r 2019-11-22  |w 2019-11-22  |y BK_X  |k BUD